Estaciones del Cable Aéreo de Manizales (Colombia) - Estadísticas

Estadísticas generales
  • Esta prueba ha sido intentada 19 veces
    12 desde el último reinicio
  • La puntuación promedio es 6 de 7
Estadísticas de respuestas
Estación % Correcto
Línea 2 Villamaría
100%
Línea 3 El Cable
86%
Línea 3 Fátima
86%
Línea 1 Fundadores
86%
Líneas 1 | 2 | 3 Los Cámbulos
86%
Línea 3 Universidades
86%
Línea 1 Betania
57%
No se encontraron pruebas coincidentes
Distribución de puntuación
Porcentaje de gente con cada puntuación
Porcentaje por número respondido
Historial de tus puntuaciones
No has intentado esta prueba desde el último reinicio